| 000 | 00813nas a2200277 4500 | ||
|---|---|---|---|
| 001 | BR0201997 | ||
| 003 | BR-BrBNA | ||
| 005 | 20231205102904.0 | ||
| 007 | ta | ||
| 008 | 230509b bl.|||p| |||| 00| 00por d | ||
| 040 |
_aBR-BrBNA _bpor _cBiblioteca Nacional de Agricultura |
||
| 041 | _a(Pt) | ||
| 072 | _aK10; F01 | ||
| 100 | 1 | _aCampos, M.A.A. | |
| 100 | 1 | _aUchida, T. | |
| 245 | 1 | _aInfluência do sombreamento no crescimento de mudas de três espécies amazônicas | |
| 650 | _aJATOBÁ | ||
| 650 | _aPAU-DE-BALSA | ||
| 650 | _aSOMBREAMENTO | ||
| 650 | _aVIVEIRO | ||
| 650 | _aMUDA | ||
| 650 | _aCRESCIMENTO | ||
| 773 | 0 |
_tPesquisa Agropecuária Brasileira (Brazil) _xISSN 0100-204X _g(Mar 2002), v. 37(3) p. 281-288 _wBR0201997 |
|
| 909 |
_a202311 _bLúcia _c55 _dLúcia Elande |
||
| 942 |
_2AGRIS _n0 _cANA |
||
| 999 |
_c169908 _d169908 |
||